Score 0/20 Timer 02:00
0 Plays Today
Artist Missing Word % Correct
The ________ 5
ABC
Jackson
95.6%
Marvin _____
What's Going On
Gaye
94.6%
______ Richie
All Night Long (All Night)
Lionel
94.2%
_______ Latifah
U.N.I.T.Y.
Queen
93.3%
Stevie _______
Superstition
Wonder
91.9%
_____ Ross
Touch Me In the Morning
Diana
91.8%
____ II Men
End of the Road
Boyz
91.2%
Gladys _______ & the Pips
Neither One of Us
Knight
89.7%
Smokey _______ & the Miracles
The Tracks of My Tears
Robinson
87.3%
____ Tops
Bernadette
Four
78.8%
Artist Missing Word % Correct
The ________
Stop! In the Name of Love
Supremes
74.5%
The __________
My Girl
Temptations
73.7%
Jr Walker and the ___ Stars
Shotgun
All
63.5%
The _______ Brothers
This Old Heart of Mine
Isley
61.1%
Martha and the ________
Dancing in the Street
Vandellas
53.8%
_____ Wells
My Guy
Mary
50.2%
Rare ______
I Just Want To Celebrate
Earth
41.5%
The ________
Do You Love Me
Contours
12.6%
Bonnie ______
Heaven Must Have Sent You
Pointer
8%
The _________ Truth
Smiling Faces Sometimes
Undisputed
7.6%

Today's Daily Dose

You're not logged in!

Compare scores with friends on all Sporcle quizzes.
OR
Log In

Sporcle TV

Today on Sporcle TV


Watch our educational content, quiz creation guides, and fun videos on Sporcle TV.

Show Comments

Extras

Top Quizzes Today


Score Distribution

Your Account Isn't Verified!

In order to create a playlist on Sporcle, you need to verify the email address you used during registration. Go to your Sporcle Settings to finish the process.

Report this User

Report this user for behavior that violates our Community Guidelines.

Details: